000 00990nam a2200229 a 4500
001 86448
003 BD-RjUL
005 20260507113733.0
008 260507s2026 bg ||||| |||| 00| 0 ben d
020 _a9789843906502
035 _a(BD-RjUL)86448
040 _aBD-RjUL
_beng
_cBD-RjUL
041 _aben
082 _223
_a891.44409
_bAMI 2026
245 _aঅমিয় চক্রবর্তী :
_bসাক্ষাৎ ও সন্ধানের ভাষ্য /
_cসংকলন ও সম্পাদনা সৌভিক রেজা
260 _aঢাকা :
_bকথাপ্রকাশ,
_c২০২৬
300 _a২৫৪ পৃ. ;
_c২২ সেমি.
650 _aবাংলা সাহিত্য
_xপ্রবন্ধ
_xইতিহাস, সমালোচনা ও গবেষণা
_918401
650 _aBengali Literature
_xEssays
_xHistory, Criticism and Research
_918402
700 _aরেজা, সৌভিক
_918403
942 _2ddc
_cBK
999 _c86448
_d86448